Conan Gray - Sunset Season - Statistics

General Stats
  • This quiz has been taken 36 times
  • The average score is 5 of 5
Answer Stats
2018 Sunset Season % Correct
1 Idle Town
100%
3 Crush Culture
97%
2 Generation Why
97%
5 Lookalike
94%
4 Greek God
91%
No matching quizzes found
Score Distribution
Percent of People with Each Score
Percentile by Number Answered
Your Score History
You have not taken this quiz